| 000 | 00864nab a2200253 u 4500 | ||
|---|---|---|---|
| 001 | 11855 | ||
| 003 | HDC | ||
| 007 | cr bn ---aaaaa | ||
| 008 | 210208c mydr|nes 0 a eng d | ||
| 040 | _aHDC | ||
| 100 |
_aAedy Azeza Ulfi, _eauthor _912217 |
||
| 245 | 0 |
_aAsrorun Niam Dipilih Jadi Ketua Komite World Halal Food / _cby Aedy Azeza Ulfi |
|
| 260 |
_a[no place] : _b[publisher not identified], _c[no year] |
||
| 336 |
_atext _2rdacontent |
||
| 337 |
_acomputer _2rdamedia |
||
| 338 |
_aonline resource _2rdacarrier |
||
| 650 |
_aHalal food industry _9128 |
||
| 650 |
_aHalal food _950 |
||
| 710 | _aMetrotvnews.com | ||
| 856 | _zRequest full-text at [email protected] | ||
| 942 | _2lcc | ||
| 942 | _cNEWS | ||
| 942 | _kNWSO 002645 | ||
| 999 |
_c9178 _d9178 |
||